| 000 | 01122nam a22002897a 4500 | ||
|---|---|---|---|
| 001 | 7173 | ||
| 003 | FISKH | ||
| 005 | 20250701110400.0 | ||
| 008 | 250701b cb ||||| |||| 00| 0 eng d | ||
| 020 | _a027506033011 | ||
| 040 |
_aFISKH _beng _cFISKH _dFISKH |
||
| 050 | _aPZ7.P2165 S | ||
| 082 | _a428.6 | ||
| 100 | _aParent, Nancy | ||
| 245 |
_aA surprise garden : _bIt's fun to learn gardening / _cWritten by Nancy Parent ; Illustrated by Atelier Philippe Harchy |
||
| 260 |
_aUnited States : _bAdvance Publishers, _c2003. |
||
| 300 |
_a36 unnumbered pages : _bcolor illustrations ; _c23 cm |
||
| 490 | _aDisney Winnie the Pooh | ||
| 505 | _aJ | ||
| 520 | _aWhat does a seed need to grow into a flower or vegetable? In A Surprise Garden, your child learns some "fun-damentals" of gardening when Rabbit presents each of his friends with surprise seeds to plant. | ||
| 521 | 8 |
_a470
_bLexile estimate |
|
| 521 | 8 |
_aJ
_bRaz-Plus |
|
| 650 |
_aWinnie the Pooh _v Cartoons & Characters _xGardening & Flowers |
||
| 700 |
_aHarchy, Atelier Philippe _eillustrator |
||
| 942 |
_2ddc _cBK _n0 |
||
| 999 |
_c7173 _d7173 |
||